|
|
|
|
| LEADER |
00000nam a2200000Ii 4500 |
| 001 |
DIGUCAUCA0030 |
| 003 |
NyNyDIG |
| 008 |
191129s2018 ck ab ob 001 0 spa d |
| 006 |
m o d |
| 007 |
cr ||||||||||| |
| 035 |
|
|
|a (OCoLC)1132382847
|
| 040 |
|
|
|a DGITA
|b eng
|e rda
|e pn
|c DGITA
|
| 020 |
|
|
|z 9789587323139
|
| 020 |
|
|
|z 9587323130
|
| 043 |
|
|
|a s-ck---
|
| 050 |
1 |
4 |
|a HN310.P668 ebook
|
| 082 |
0 |
4 |
|a 986.153
|
| 100 |
1 |
|
|a Pérez Hernández, María Teresa,
|e author.
|
| 245 |
1 |
0 |
|a Hábitat, familia y comunidad en Popayán 1750-1850 /
|c María Teresa Pérez Hernández.
|
| 264 |
|
1 |
|a Popayán, Colombia :
|b Editorial Universidad del Cauca,
|c [2018]
|
| 300 |
|
|
|a 1 online resource :
|b illustrations (chiefly color), maps (some color)
|
| 336 |
|
|
|a text
|b txt
|2 rdacontent
|
| 337 |
|
|
|a computer
|b c
|2 rdamedia
|
| 338 |
|
|
|a online resource
|b cr
|2 rdacarrier
|
| 347 |
|
|
|a text file
|2 rdaft
|
| 347 |
|
|
|b PDF
|
| 504 |
|
|
|a Includes bibliographical references and index.
|
| 505 |
0 |
|
|a Popayán : historizando el mito -- Las construcciones coloniales de Popayán : espacio y demografía -- Hábitat y cultura material : los hábitos del habitar -- Matrimonio, orden social y conflicto -- La casa : entre la comunidad doméstica y el lugar de la familia -- Vida doméstica : entre el parentesco, la servidumbre y la vecindad -- El común y lo común : escenarios, actores y tiempos -- Popayán en la nación?
|
| 588 |
0 |
|
|a Online resource; title from PDF title page (Digitalia, viewed December 2, 2019)
|
| 651 |
|
0 |
|a Popayán (Colombia)
|x Social conditions
|x History
|y 18th century.
|
| 651 |
|
0 |
|a Popayán (Colombia)
|x Social conditions
|x History
|y 19th century.
|
| 651 |
|
0 |
|a Popayán (Colombia)
|x Social life and customs
|y 18th century.
|
| 651 |
|
0 |
|a Popayán (Colombia)
|x Social life and customs
|y 19th century.
|
| 650 |
|
0 |
|a Families
|z Colombia
|z Popayán
|y 18th century.
|
| 650 |
|
0 |
|a Families
|z Colombia
|z Popayán
|y 19th century.
|
| 655 |
|
0 |
|a Electronic books.
|
| 791 |
2 |
|
|a Digitalia (Firm),
|e distributor.
|
| 793 |
0 |
|
|g Digitalia eBook Collection:
|a Editorial Universidad del Cauca
|
| 776 |
0 |
8 |
|i Print version:
|a Pérez Hernández, María Teresa.
|t Hábitat, familia y comunidad en Popayán 1750-1850.
|b Primera edición en español.
|d Popayán, Colombia : Editorial Universidad del Cauca, 2018
|z 9789587323139
|w (OCoLC)1061493318
|
| 856 |
4 |
0 |
|3 Digitalia Hispánica
|u https://www.digitaliapublishing.com/a/60614/
|
| 910 |
|
|
|a Premium collection: 2020
|